000 00800nam a2200217 a 4500
005 20210223121023.0
008 991125s1991 mx 000 0 spa u
020 _a9683615465
035 _aUPN01000010923
049 _aCG
050 4 _aDG259
_bS2.28
100 1 _aSalustio, Cayo Crispo
245 1 0 _aConjuración de Catilina /
_cCayo Salustio Crispo ; tr. del latín, pról. y notas por Agustín Millares Carlo.
260 _aMéxico :
_bUNAM, Coordinación de Humanidades,
_c1991.
300 _a54, xlvii p.
440 0 _aBibliotheca scriptorum graecorum et romanorum mexicana
600 1 4 _aCATILINA, LUCIO SERGIO,
_d108-62 A.C.
_96510
651 4 _aROMA -
_xHISTORIA -
_yCONSPIRACION DE CATILINA, 65-62 A.C.
700 1 _aMillares Carlo, Agustín,
_d1893-1980
_epról.
_929247
905 _aLibro
999 _c10923
_d10923